000 00741nam a2200217 a 4500
003 OSt
005 20130917190759.0
008 130917n ag ||||| |||| 00| 0 spa d
040 _cBiblioteca Medicina
041 _aspa
082 _bMINIST. DE SALUD 0400
110 _aMinisterio de Salud de la Nacion
_92599
245 0 0 _aGuia de manejo de las Infecciones de Transmision Sexual. Material didactico
250 _a1ยบ ed.
260 _aBuenos Aires
_bMinisterio de Salud de la Nacion
300 _a49 p.
653 _aENFERMEDADES DE TRANSMISION SEXUAL-GUIA
856 _awww.msal.gov.ar
942 _2ddc
_cPH
999 _c1624
_d1624
952 _40
_00
_bBFM
_10
_oMINIST. DE SALUD 0400
_d2013-09-17
_tEj. 1
_8NFIC
_70
_cCR
_2ddc
_yPH
_aBFM